[Event "MCR_KT30"]
[Site "?"]
[Date "2007.??.??"]
[Round "?"]
[White "Goc, Pavel"]
[Black "Pressl, Ladislav"]
[Result "1-0"]
[WhiteElo "2145"]
[BlackElo "1963"]
[PlyCount "31"]
[EventDate "2007.??.??"]
[EventType "corr"]
[EventRounds "2"]
[SourceDate "2007.01.09"]

1. e4 e6 2. d4 d5 3. Nc3 dxe4 4. Nxe4 Nf6 5. Nxf6+ Qxf6 6. Nf3 Qd8 7. Bd3 Bd6
8. O-O Nc6 9. c3 Be7 10. Qc2 f5 11. Re1 O-O 12. Bc4 Qd6 13. Qe2 Nd8 14. Bg5
Bxg5 15. Nxg5 Rf6 16. d5 1-0

[Event "MCR_KT30"]
[Site "?"]
[Date "2007.??.??"]
[Round "?"]
[White "Pressl, Ladislav"]
[Black "Goc, Pavel"]
[Result "0-1"]
[WhiteElo "1963"]
[BlackElo "2145"]
[PlyCount "36"]
[EventDate "2007.??.??"]
[EventType "corr"]
[EventRounds "2"]
[SourceDate "2007.01.09"]

1. e4 e5 2. Nf3 Nc6 3. Bb5 a6 4. Ba4 Nf6 5. O-O Be7 6. Re1 b5 7. Bb3 O-O 8. c3
d5 9. exd5 Nxd5 10. Nxe5 Nxe5 11. Rxe5 c6 12. d4 Bd6 13. Re1 Qh4 14. g3 Qh3 15.
Qf3 Bg4 16. Qh1 Rae8 17. Bd2 Rxe1+ 18. Bxe1 Nf4 0-1

[Event "MCR_KT30"]
[Site "?"]
[Date "2007.??.??"]
[Round "?"]
[White "Martin, Petr"]
[Black "Goc, Pavel"]
[Result "1/2-1/2"]
[WhiteElo "1793"]
[BlackElo "2145"]
[PlyCount "28"]
[EventDate "2007.??.??"]
[EventType "corr"]
[EventRounds "2"]
[SourceDate "2007.01.09"]

1. c4 e5 2. Nf3 e4 3. Nd4 Nc6 4. e3 Nf6 5. Nc3 Bb4 6. a3 Nxd4 7. axb4 Nc6 8. b5
Nb4 9. b3 d5 10. Ba3 Nd3+ 11. Bxd3 exd3 12. Qf3 Be6 13. O-O Rg8 14. e4 dxc4
1/2-1/2

[Event "MCR_KT30"]
[Site "?"]
[Date "2007.??.??"]
[Round "?"]
[White "Goc, Pavel"]
[Black "Martin, Petr"]
[Result "1/2-1/2"]
[WhiteElo "2145"]
[BlackElo "1793"]
[PlyCount "31"]
[EventDate "2007.??.??"]
[EventType "corr"]
[EventRounds "2"]
[SourceDate "2007.01.09"]

1. e4 e5 2. Nf3 Nc6 3. d4 exd4 4. c3 d5 5. exd5 Qxd5 6. cxd4 Bb4+ 7. Nc3 Bg4 8.
Be2 Nf6 9. O-O Qa5 10. Ng5 Bxc3 11. bxc3 Bf5 12. Qb3 O-O 13. Ba3 Bc2 14. Qxc2
Qxa3 15. Bd3 h6 16. Nh7 1/2-1/2

[Event "MCR_KT30"]
[Site "?"]
[Date "2007.??.??"]
[Round "?"]
[White "Pressl, Ladislav"]
[Black "Pipek, Jan"]
[Result "1/2-1/2"]
[WhiteElo "1963"]
[BlackElo "1795"]
[PlyCount "27"]
[EventDate "2007.??.??"]
[EventType "corr"]
[EventRounds "2"]
[SourceDate "2007.01.09"]

1. e4 e5 2. Nf3 Nf6 3. d4 exd4 4. e5 Ne4 5. Qxd4 d5 6. exd6 Nxd6 7. Nc3 Nc6 8.
Qf4 Be6 9. Bd3 Qf6 10. Qxf6 gxf6 11. Bf4 O-O-O 12. O-O-O Rg8 13. Bg3 f5 14.
Bxd6 1/2-1/2

[Event "MCR_KT30"]
[Site "?"]
[Date "2007.??.??"]
[Round "?"]
[White "Pipek, Jan"]
[Black "Pressl, Ladislav"]
[Result "1/2-1/2"]
[WhiteElo "1795"]
[BlackElo "1963"]
[PlyCount "23"]
[EventDate "2007.??.??"]
[EventType "corr"]
[EventRounds "2"]
[SourceDate "2007.01.09"]

1. e4 c6 2. d4 d5 3. exd5 cxd5 4. Nf3 Nc6 5. Bb5 Bg4 6. Qd3 Nf6 7. Ne5 Rc8 8.
Bxc6+ bxc6 9. f3 Bh5 10. Qa6 Qc7 11. g4 Bg6 12. Bf4 1/2-1/2

[Event "MCR_KT30"]
[Site "?"]
[Date "2007.??.??"]
[Round "?"]
[White "Pipek, Jan"]
[Black "Martin, Petr"]
[Result "1/2-1/2"]
[WhiteElo "1795"]
[BlackElo "1793"]
[PlyCount "39"]
[EventDate "2007.??.??"]
[EventType "corr"]
[EventRounds "2"]
[SourceDate "2007.01.09"]

1. e4 d6 2. d4 Nf6 3. Nc3 g6 4. Nf3 Bg7 5. Bb5+ c6 6. Bd3 O-O 7. O-O Nbd7 8.
Qe2 c5 9. e5 dxe5 10. dxe5 Ng4 11. Bf4 e6 12. h3 Nh6 13. Rfd1 a6 14. Ne4 Qc7
15. Nd6 Nb6 16. Qd2 Nf5 17. Bxf5 exf5 18. Bh6 Qe7 19. Bxg7 Kxg7 20. Qc3 1/2-1/2

[Event "MCR_KT30"]
[Site "?"]
[Date "2007.??.??"]
[Round "?"]
[White "Lucan, Zdenko"]
[Black "Pipek, Jan"]
[Result "1/2-1/2"]
[WhiteElo "1751"]
[BlackElo "1795"]
[PlyCount "27"]
[EventDate "2007.??.??"]
[EventType "corr"]
[EventRounds "2"]
[SourceDate "2007.01.09"]

1. f4 Nc6 2. Nf3 d5 3. e3 Bg4 4. Be2 Nf6 5. d3 e6 6. c3 Bc5 7. d4 Bd6 8. Ne5
Bxe2 9. Qxe2 O-O 10. Nxc6 bxc6 11. Nd2 c5 12. O-O cxd4 13. cxd4 c5 14. dxc5
1/2-1/2

[Event "MCR_KT30"]
[Site "?"]
[Date "2007.??.??"]
[Round "?"]
[White "Pipek, Jan"]
[Black "Lucan, Zdenko"]
[Result "1/2-1/2"]
[WhiteElo "1795"]
[BlackElo "1751"]
[PlyCount "29"]
[EventDate "2007.??.??"]
[EventType "corr"]
[EventRounds "2"]
[SourceDate "2007.01.09"]

1. e4 e5 2. Nf3 d6 3. Nc3 Nf6 4. d4 exd4 5. Nxd4 Be7 6. Bc4 O-O 7. Bf4 c5 8.
Ndb5 Nc6 9. O-O Ne5 10. Bd5 Nxd5 11. Nxd5 Be6 12. Nxe7+ Qxe7 13. Qxd6 Qxd6 14.
Nxd6 Ng6 15. Be3 1/2-1/2

[Event "MCR_KT30"]
[Site "?"]
[Date "2007.??.??"]
[Round "?"]
[White "Pipek, Jan"]
[Black "Goc, Pavel"]
[Result "1/2-1/2"]
[WhiteElo "1795"]
[BlackElo "2145"]
[PlyCount "31"]
[EventDate "2007.??.??"]
[EventType "corr"]
[EventRounds "2"]
[SourceDate "2007.01.09"]

1. e4 e5 2. Nf3 Nc6 3. Bc4 Nf6 4. Ng5 d5 5. exd5 Na5 6. Bb5+ c6 7. dxc6 bxc6 8.
Qf3 Rb8 9. Be2 h6 10. Ne4 Nd5 11. O-O Be6 12. a3 f5 13. Nec3 Bd6 14. Qh5+ Kf8
15. Nxd5 cxd5 16. Nc3 1/2-1/2

[Event "MCR_KT30"]
[Site "?"]
[Date "2007.??.??"]
[Round "?"]
[White "Goc, Pavel"]
[Black "Pipek, Jan"]
[Result "1/2-1/2"]
[WhiteElo "2145"]
[BlackElo "1795"]
[PlyCount "32"]
[EventDate "2007.??.??"]
[EventType "corr"]
[EventRounds "2"]
[SourceDate "2007.01.09"]

1. e4 e5 2. Nf3 Nc6 3. d4 exd4 4. c3 d5 5. exd5 Qxd5 6. cxd4 Nf6 7. Nc3 Bb4 8.
Be2 O-O 9. O-O Qa5 10. Bd2 Re8 11. a3 Bxc3 12. Bxc3 Qb6 13. d5 Ne7 14. Bd4 Qd6
15. Be5 Qxd5 16. Bxc7 Bg4 1/2-1/2

[Event "MCR_KT30"]
[Site "?"]
[Date "2007.??.??"]
[Round "?"]
[White "Lucan, Zdenko"]
[Black "Goc, Pavel"]
[Result "0-1"]
[WhiteElo "1751"]
[BlackElo "2145"]
[PlyCount "44"]
[EventDate "2007.??.??"]
[EventType "corr"]
[EventRounds "2"]
[SourceDate "2007.01.09"]

1. b3 e5 2. Bb2 Nc6 3. c4 Nf6 4. e3 d5 5. cxd5 Nxd5 6. a3 Bd6 7. Qc2 O-O 8. Nf3
Qe7 9. Nc3 Nxc3 10. Qxc3 f5 11. d4 e4 12. Ne5 Nd8 13. Bc4+ Be6 14. Bxe6+ Nxe6
15. d5 Nc5 16. Nc4 Nd3+ 17. Kf1 f4 18. exf4 Rxf4 19. Nxd6 Rxf2+ 20. Kg1 Rxg2+
21. Kxg2 Qg5+ 22. Kf1 Rf8+ 0-1

[Event "MCR_KT30"]
[Site "?"]
[Date "2007.??.??"]
[Round "?"]
[White "Goc, Pavel"]
[Black "Lucan, Zdenko"]
[Result "1-0"]
[WhiteElo "2145"]
[BlackElo "1751"]
[PlyCount "41"]
[EventDate "2007.??.??"]
[EventType "corr"]
[EventRounds "2"]
[SourceDate "2007.01.09"]

1. e4 e5 2. Nf3 d6 3. d4 f5 4. Nc3 fxe4 5. Nxe4 d5 6. Nxe5 dxe4 7. Qh5+ g6 8.
Nxg6 Nf6 9. Qe5+ Be7 10. Nxh8 Qd6 11. Be2 Qxe5 12. dxe5 Nd5 13. Bh5+ Kf8 14.
Bf7 Kg7 15. Bxd5 Kxh8 16. Bxe4 c6 17. f4 Be6 18. f5 Bd5 19. Bxd5 cxd5 20. f6
Bc5 21. Bh6 1-0

[Event "MCR_KT30"]
[Site "?"]
[Date "2007.??.??"]
[Round "?"]
[White "Janovec, Vladimir"]
[Black "Pressl, Ladislav"]
[Result "1-0"]
[WhiteElo "1917"]
[BlackElo "1963"]
[PlyCount "25"]
[EventDate "2007.??.??"]
[EventType "corr"]
[EventRounds "2"]
[SourceDate "2007.01.09"]

1. e4 c6 2. d4 d5 3. Nc3 dxe4 4. Nxe4 Bf5 5. Ng3 Bg6 6. Nf3 Nf6 7. c3 h6 8. Ne5
Bh7 9. Qb3 e6 10. Qxb7 Nbd7 11. Nxc6 Qc8 12. Ba6 Nb6 13. Qxc8+ 1-0

[Event "MCR_KT30"]
[Site "?"]
[Date "2007.??.??"]
[Round "?"]
[White "Janovec, Vladimir"]
[Black "Martin, Petr"]
[Result "1-0"]
[WhiteElo "1917"]
[BlackElo "1793"]
[PlyCount "43"]
[EventDate "2007.??.??"]
[EventType "corr"]
[EventRounds "2"]
[SourceDate "2007.01.09"]

1. e4 e5 2. Nf3 Nc6 3. Bc4 Nd4 4. Nxd4 exd4 5. O-O d6 6. c3 dxc3 7. Nxc3 c6 8.
d4 Nf6 9. Qb3 Qc7 10. Bg5 b5 11. Bd3 a5 12. Rac1 a4 13. Qc2 Qb7 14. Rfe1 Be7
15. e5 dxe5 16. dxe5 Ng4 17. Bxe7 Qxe7 18. Nd5 Qb7 19. Bxb5 cxb5 20. Nc7+ Ke7
21. Qc5+ Kd8 22. Red1+ 1-0

[Event "MCR_KT30"]
[Site "?"]
[Date "2007.??.??"]
[Round "?"]
[White "Martin, Petr"]
[Black "Pipek, Jan"]
[Result "1-0"]
[WhiteElo "1793"]
[BlackElo "1795"]
[PlyCount "47"]
[EventDate "2007.??.??"]
[EventType "corr"]
[EventRounds "2"]
[SourceDate "2007.01.09"]

1. c4 e5 2. Nf3 e4 3. Nd4 Nc6 4. e3 Nxd4 5. exd4 Qf6 6. d5 Bc5 7. Qe2 Qg6 8.
Nc3 Nf6 9. d3 O-O 10. Be3 exd3 11. Qxd3 Bxe3 12. fxe3 Qh6 13. Be2 Re8 14. Kd2
b5 15. cxb5 a6 16. h4 c6 17. Bf3 Bb7 18. g4 Nxd5 19. Nxd5 cxd5 20. g5 Qd6 21.
Qd4 axb5 22. a3 Ra4 23. b4 Rea8 24. Qc3 1-0

[Event "MCR_KT30"]
[Site "?"]
[Date "2007.??.??"]
[Round "?"]
[White "Janovec, Vladimir"]
[Black "Pipek, Jan"]
[Result "1-0"]
[WhiteElo "1917"]
[BlackElo "1795"]
[PlyCount "31"]
[EventDate "2007.??.??"]
[EventType "corr"]
[EventRounds "2"]
[SourceDate "2007.01.09"]

1. d4 Nf6 2. c4 e6 3. Nf3 Bb4+ 4. Bd2 Nc6 5. e3 O-O 6. Bd3 d5 7. O-O dxc4 8.
Bxb4 Nxb4 9. Bxc4 c5 10. a3 Nc6 11. dxc5 Qa5 12. Qe2 Qxc5 13. b4 Qh5 14. Nc3
Rd8 15. Rfd1 Bd7 16. Rac1 1-0

[Event "MCR_KT30"]
[Site "?"]
[Date "2007.??.??"]
[Round "?"]
[White "Pipek, Jan"]
[Black "Janovec, Vladimir"]
[Result "0-1"]
[WhiteElo "1795"]
[BlackElo "1917"]
[PlyCount "26"]
[EventDate "2007.??.??"]
[EventType "corr"]
[EventRounds "2"]
[SourceDate "2007.01.09"]

1. e4 c5 2. Nf3 d6 3. d4 cxd4 4. Bb5+ Nc6 5. Nxd4 Bd7 6. Nc3 g6 7. O-O Bg7 8.
Be3 Nf6 9. f3 O-O 10. Qd2 a6 11. Be2 b5 12. a4 b4 13. Na2 a5 0-1

[Event "MCR_KT30"]
[Site "?"]
[Date "2007.??.??"]
[Round "?"]
[White "Pressl, Ladislav"]
[Black "Janovec, Vladimir"]
[Result "0-1"]
[WhiteElo "1963"]
[BlackElo "1917"]
[PlyCount "36"]
[EventDate "2007.??.??"]
[EventType "corr"]
[EventRounds "2"]
[SourceDate "2007.01.09"]

1. e4 e5 2. Nf3 d6 3. d4 Nf6 4. Nc3 Nbd7 5. Bc4 Be7 6. O-O O-O 7. Qe2 exd4 8.
Nxd4 c6 9. a4 Re8 10. Bf4 Bf8 11. Ba2 d5 12. f3 Qb6 13. Qd2 Bc5 14. Rfd1 dxe4
15. Rab1 exf3 16. gxf3 Qb4 17. Qf2 Ne5 18. Bb3 Bxd4 0-1

[Event "MCR_KT30"]
[Site "?"]
[Date "2007.??.??"]
[Round "?"]
[White "Martin, Petr"]
[Black "Pressl, Ladislav"]
[Result "0-1"]
[WhiteElo "1793"]
[BlackElo "1963"]
[PlyCount "50"]
[EventDate "2007.??.??"]
[EventType "corr"]
[EventRounds "2"]
[SourceDate "2007.01.09"]

1. c4 Nf6 2. Nc3 g6 3. e4 d6 4. d4 Bg7 5. Bd3 O-O 6. Nge2 c5 7. d5 b6 8. f4 Bg4
9. h3 Bd7 10. O-O e6 11. Qe1 Na6 12. Ng3 exd5 13. cxd5 Nc7 14. f5 Re8 15. Bf4
Ncxd5 16. fxg6 hxg6 17. Bxd6 Nxc3 18. bxc3 Be6 19. e5 Nd7 20. Nh5 gxh5 21. Qe4
Nf8 22. Rf3 Ng6 23. Raf1 Qg5 24. Kh2 Bxe5+ 25. Rg3 Qxg3+ 0-1

[Event "MCR_KT30"]
[Site "?"]
[Date "2007.??.??"]
[Round "?"]
[White "Martin, Petr"]
[Black "Janovec, Vladimir"]
[Result "0-1"]
[WhiteElo "1793"]
[BlackElo "1917"]
[PlyCount "50"]
[EventDate "2007.??.??"]
[EventType "corr"]
[EventRounds "2"]
[SourceDate "2007.01.09"]

1. c4 c5 2. Nc3 Nc6 3. Nf3 Nf6 4. e3 e6 5. d4 cxd4 6. exd4 Bb4 7. Bd3 d5 8. O-O
dxc4 9. Bxc4 O-O 10. Bg5 a6 11. a3 Be7 12. Bd3 h6 13. Bf4 b5 14. Ne4 Nxd4 15.
Ne5 Bb7 16. Nxf6+ Bxf6 17. Qg4 Nc6 18. Nxc6 Qxd3 19. Ne5 Qe2 20. Nd7 Bxb2 21.
Rab1 f5 22. Qg6 Rf7 23. Qxe6 Rd8 24. Rbd1 Qe4 25. Nf6+ Bxf6 0-1

[Event "MCR_KT30"]
[Site "?"]
[Date "2007.??.??"]
[Round "?"]
[White "Janovec, Vladimir"]
[Black "Goc, Pavel"]
[Result "1/2-1/2"]
[WhiteElo "1917"]
[BlackElo "2145"]
[PlyCount "48"]
[EventDate "2007.??.??"]
[EventType "corr"]
[EventRounds "2"]
[SourceDate "2007.01.09"]

1. d4 Nf6 2. c4 e6 3. Nf3 b6 4. a3 Bb7 5. Nc3 d5 6. cxd5 Nxd5 7. e3 Be7 8. Bd3
Nxc3 9. bxc3 c5 10. O-O O-O 11. Qc2 h5 12. e4 Nd7 13. Rd1 Rc8 14. Qe2 Nf6 15.
e5 c4 16. Bc2 Nd5 17. Ng5 g6 18. Ne4 b5 19. Bd2 a5 20. Bh6 Re8 21. Rdb1 Qd7 22.
Qd2 Rb8 23. Bg5 Bf8 24. Nf6+ Nxf6 1/2-1/2

[Event "MCR_KT30"]
[Site "?"]
[Date "2007.??.??"]
[Round "?"]
[White "Goc, Pavel"]
[Black "Janovec, Vladimir"]
[Result "1/2-1/2"]
[WhiteElo "2145"]
[BlackElo "1917"]
[PlyCount "49"]
[EventDate "2007.??.??"]
[EventType "corr"]
[EventRounds "2"]
[SourceDate "2007.01.09"]

1. e4 c5 2. Nf3 d6 3. d4 cxd4 4. Nxd4 Nf6 5. Nc3 a6 6. Bg5 e6 7. f4 Be7 8. Qf3
Qc7 9. O-O-O Nbd7 10. Bd3 O-O 11. Rhe1 Nc5 12. e5 dxe5 13. fxe5 Nxd3+ 14. Rxd3
Nd5 15. Bxe7 Nxe7 16. Qg3 Bd7 17. Ne4 Nd5 18. Nd6 Rad8 19. Rf1 Bb5 20. N6xb5
axb5 21. Rdf3 Nb4 22. R3f2 Rd7 23. Qb3 Qxe5 24. Rd2 Re7 25. Rfd1 1/2-1/2

[Event "MCR_KT30"]
[Site "?"]
[Date "2007.??.??"]
[Round "?"]
[White "Janovec, Vladimir"]
[Black "Lucan, Zdenko"]
[Result "1-0"]
[WhiteElo "1917"]
[BlackElo "1751"]
[PlyCount "55"]
[EventDate "2007.??.??"]
[EventType "corr"]
[EventRounds "2"]
[SourceDate "2007.01.09"]

1. d4 d5 2. Nf3 e6 3. a3 Nf6 4. Bg5 Be7 5. e3 Nbd7 6. c4 dxc4 7. Bxc4 O-O 8.
O-O Nb6 9. Bd3 Bd7 10. Nc3 Nbd5 11. e4 Nxc3 12. bxc3 Ne8 13. Bxe7 Qxe7 14. Qb1
b6 15. e5 g6 16. Be4 Rb8 17. Rd1 c6 18. Qb4 Qxb4 19. axb4 f5 20. Bd3 b5 21.
Rxa7 Bc8 22. Rda1 Ng7 23. Rc7 Rb7 24. Rxc6 Bd7 25. Rc5 Rc8 26. Rxc8+ Bxc8 27.
Bxb5 Rxb5 28. Ra8 1-0

[Event "MCR_KT30"]
[Site "?"]
[Date "2007.??.??"]
[Round "?"]
[White "Lucan, Zdenko"]
[Black "Janovec, Vladimir"]
[Result "0-1"]
[WhiteElo "1751"]
[BlackElo "1917"]
[PlyCount "55"]
[EventDate "2007.??.??"]
[EventType "corr"]
[EventRounds "2"]
[SourceDate "2007.01.09"]

1. f4 d5 2. e3 e6 3. Nf3 Bd6 4. b3 Nf6 5. Bb2 O-O 6. Bd3 b6 7. Ne5 Bb7 8. O-O
c5 9. c4 Bc7 10. Qc2 d4 11. e4 Na6 12. a3 Qb8 13. h3 Bxe5 14. fxe5 Qxe5 15. Qd1
Nxe4 16. Bxe4 Qxe4 17. Qf3 Qxf3 18. gxf3 e5 19. d3 Nc7 20. Nd2 Ne6 21. Ne4 Nf4
22. Rad1 Nxh3+ 23. Kh2 Nf4 24. Rf2 f5 25. Ng3 Rf6 26. Bc1 Rh6+ 27. Kg1 Nh3+ 28.
Kg2 0-1

[Event "MCR_KT30"]
[Site "?"]
[Date "2007.??.??"]
[Round "?"]
[White "Martin, Petr"]
[Black "Lucan, Zdenko"]
[Result "1-0"]
[WhiteElo "1793"]
[BlackElo "1751"]
[PlyCount "69"]
[EventDate "2007.??.??"]
[EventType "corr"]
[EventRounds "2"]
[SourceDate "2007.01.09"]

1. c4 e5 2. Nf3 d6 3. d4 e4 4. Nfd2 Nf6 5. Nc3 Bf5 6. e3 c6 7. Be2 Nbd7 8. g4
Bg6 9. h4 h5 10. g5 Ng8 11. Ndxe4 Bxe4 12. Nxe4 g6 13. Bd2 Qe7 14. Bd3 O-O-O
15. d5 c5 16. f4 f5 17. gxf6 Ngxf6 18. Ng5 Rg8 19. Ne6 Re8 20. a4 b6 21. a5
bxa5 22. Rxa5 Nb6 23. Qa1 Kb8 24. b4 cxb4 25. Bxb4 Qb7 26. Kd2 Nfxd5 27. cxd5
Nxd5 28. Rb5 Nb6 29. Nxf8 d5 30. Bd6+ Ka8 31. Re1 Qc6 32. Be5 Qb7 33. Reb1
Rexf8 34. Rxb6 Qg7 35. Bxg7 1-0

[Event "MCR_KT30"]
[Site "?"]
[Date "2007.??.??"]
[Round "?"]
[White "Pressl, Ladislav"]
[Black "Lucan, Zdenko"]
[Result "1-0"]
[WhiteElo "1963"]
[BlackElo "1751"]
[PlyCount "73"]
[EventDate "2007.??.??"]
[EventType "corr"]
[EventRounds "2"]
[SourceDate "2007.01.09"]

1. d4 d5 2. c4 c6 3. Nf3 Nf6 4. Nc3 e6 5. Bg5 Be7 6. e3 Nbd7 7. Bd3 Bb4 8. O-O
O-O 9. Rc1 Be7 10. Qc2 g6 11. Rfe1 Ne4 12. Bxe7 Qxe7 13. Nxe4 dxe4 14. Bxe4 Nf6
15. Bd3 Bd7 16. e4 Nh5 17. Rcd1 Nf4 18. Bf1 a6 19. g3 Nh5 20. Bg2 Ng7 21. d5
cxd5 22. exd5 Qf6 23. Ne5 Rad8 24. Nxd7 Rxd7 25. dxe6 Rxd1 26. exf7+ Qxf7 27.
Rxd1 Qf5 28. Qxf5 Nxf5 29. Bxb7 a5 30. Rd7 Kh8 31. g4 Nh4 32. h3 g5 33. c5 Ng6
34. c6 Ne5 35. Rd5 Nf3+ 36. Kf1 Nh4 37. c7 1-0

[Event "MCR_KT30"]
[Site "?"]
[Date "2007.??.??"]
[Round "?"]
[White "Pressl, Ladislav"]
[Black "Martin, Petr"]
[Result "1-0"]
[WhiteElo "1963"]
[BlackElo "1793"]
[PlyCount "105"]
[EventDate "2007.??.??"]
[EventType "corr"]
[EventRounds "2"]
[SourceDate "2007.01.09"]

1. d4 Nf6 2. c4 g6 3. Nc3 Bg7 4. e4 d6 5. Be2 O-O 6. Nf3 Nbd7 7. O-O e5 8. d5
Ne8 9. Bg5 f6 10. Bh4 g5 11. Bg3 Nc5 12. b4 Na6 13. a3 h5 14. h3 g4 15. hxg4
Bxg4 16. Ne1 Qc8 17. Bxg4 Qxg4 18. Qxg4 hxg4 19. f3 gxf3 20. Nxf3 Bh6 21. Kf2
Ng7 22. Rh1 Bg5 23. Rh2 Kf7 24. Rah1 Nb8 25. Nb5 Na6 26. Ke2 Rg8 27. Kd3 b6 28.
Rh7 Kf8 29. Nxg5 fxg5 30. Bf2 Re8 31. Nxa7 Re7 32. Nc8 Re8 33. Nxb6 cxb6 34.
Bxb6 Re7 35. Rf1+ Rf7 36. Rxf7+ Kxf7 37. Be3 Kg6 38. Rh3 g4 39. Rh6+ Kf7 40.
Rxd6 Ra8 41. g3 Ne8 42. Re6 Nac7 43. Rxe5 Rxa3+ 44. Kd4 Rb3 45. b5 Nd6 46. Bf4
Nce8 47. Re6 Nb7 48. Rb6 Na5 49. Ra6 Ra3 50. c5 Nf6 51. Ra7+ Ke8 52. b6 Ra4+
53. Ke5 1-0

[Event "MCR_KT30"]
[Site "?"]
[Date "2007.??.??"]
[Round "?"]
[White "Lucan, Zdenko"]
[Black "Martin, Petr"]
[Result "0-1"]
[WhiteElo "1751"]
[BlackElo "1793"]
[PlyCount "94"]
[EventDate "2007.??.??"]
[EventType "corr"]
[EventRounds "2"]
[SourceDate "2007.01.09"]

1. b3 d5 2. Bb2 Nc6 3. a3 a5 4. e3 Nf6 5. Bxf6 gxf6 6. Nf3 e5 7. d3 Bg4 8. Be2
Bd6 9. Nc3 Be6 10. Nb5 Be7 11. c3 f5 12. a4 e4 13. dxe4 fxe4 14. Nfd4 Nxd4 15.
Nxd4 Bd7 16. Bg4 Bf6 17. Bxd7+ Qxd7 18. O-O h5 19. Ne2 h4 20. Nf4 c6 21. Ne2
Rg8 22. Kh1 h3 23. g3 Rd8 24. Rc1 Be5 25. c4 Qf5 26. Nd4 Qf6 27. c5 Kd7 28. Qh5
Rh8 29. Qf5+ Qxf5 30. Nxf5 Ke6 31. Nd4+ Bxd4 32. exd4 f5 33. Rce1 Rb8 34. f3 b6
35. cxb6 Rxb6 36. Rb1 Rhb8 37. fxe4 dxe4 38. Kg1 Rxb3 39. Rbc1 R8b6 40. Rc5 Rb1
41. Rcxf5 Rxf1+ 42. Rxf1 Rb4 43. Rd1 Rxa4 44. Kf2 Ra2+ 45. Kg1 Kd5 46. Rc1 Kxd4
47. Rxc6 Ke3 0-1

[Event "MCR_KT30"]
[Site "?"]
[Date "2007.??.??"]
[Round "?"]
[White "Lucan, Zdenko"]
[Black "Pressl, Ladislav"]
[Result "0-1"]
[WhiteElo "1751"]
[BlackElo "1963"]
[PlyCount "105"]
[EventDate "2007.??.??"]
[EventType "corr"]
[EventRounds "2"]
[SourceDate "2007.01.09"]

1. f4 d5 2. Nf3 Nf6 3. e3 g6 4. g3 Bg7 5. Bg2 c5 6. d3 Nc6 7. a3 O-O 8. h3 b5
9. Ne5 Bb7 10. Nxc6 Bxc6 11. O-O Re8 12. Nd2 e5 13. fxe5 Rxe5 14. Nf3 Re8 15.
Re1 Qc7 16. g4 Bb7 17. Qd2 a5 18. c3 d4 19. Qf2 Re7 20. Re2 Rae8 21. Bd2 Nd7
22. Rf1 Ne5 23. Nxe5 Bxe5 24. Be1 Re6 25. Kh1 Rf6 26. Qg1 Rxf1 27. Qxf1 Bg7 28.
Qf3 Re6 29. Qf1 Rf6 30. Rf2 Rxf2 31. Bxf2 h5 32. gxh5 gxh5 33. Bf3 a4 34. e4
dxc3 35. bxc3 Bxc3 36. Qg1+ Bg7 37. Bxc5 Qe5 38. d4 Qf4 39. Qg2 f5 40. d5 fxe4
41. Bxe4 Qc1+ 42. Qg1 Qxg1+ 43. Kxg1 Bf8 44. Bxf8 Kxf8 45. Kf2 b4 46. axb4 a3
47. Bb1 Bxd5 48. Kg3 a2 49. Bxa2 Bxa2 50. Kf4 Be6 51. h4 Ke7 52. Ke5 Bc4 53.
Kf5 0-1